All 8000m Peaks - Statistics

General Stats
  • This quiz has been taken 228 times
  • The average score is 8 of 14
Answer Stats
Hint Answer % Correct
8848 m 29,029 ft Everest
99%
8611 m 28,251 ft K2
98%
8516 m 27,940 ft Lhotse
80%
8051 m 26,414 ft Broad Peak
68%
8201 m 26,906 ft Cho Oyu
68%
8485 m 27,838 ft Makalu
65%
8126 m 26,660 ft Nanga Parbat
65%
8586 m 28,169 ft Kangchenjunga
55%
8163 m 26,781 ft Manaslu
55%
8035 m 26,362 ft Gasherbrum II
49%
8027 m 26,335 ft Shishapangma
47%
8091 m 26,545 ft Annapurna I
43%
8167 m 26,795 ft Dhaulagiri I
21%
8080 m 26,444 ft Gasherbrum I (Hidden Peak)
4%
No matching quizzes found
Score Distribution
Percent of People with Each Score
Percentile by Number Answered
Your Score History
You have not taken this quiz